| 000 | 00355pam a2200145 a 4500 | ||
|---|---|---|---|
| 020 |
_a978-81-312-2657-5 _c |
||
| 041 | _h | ||
| 082 |
_a617.69 _bCAR |
||
| 100 | _aCarr A B. | ||
| 245 |
_aMc Crackens Removable Partial Prosthodontics _hTextual Documents |
||
| 250 | _a12. | ||
| 260 |
_aMissouri _bElsevier Mosby |
||
| 300 |
_a385: _c28*21.5. |
||
| 930 | _a3128 | ||
| 999 |
_c42497 _d42497 |
||